000
00234cam a2200109ua 4500
082
_a
894.812308
_b
KRA/PA
100
_a
Prasannan Mullasseri, G .
_9
1728
245
_a
Palattu Koman /
250
_a
1 /
300
_a
171 ; .
942
_c
BK
999
_c
6646
_d
6646